000
00347nam a22001577a 4500
003
MPLRDC
005
20220104114119.0
008
210129b ||||| |||| 00| 0 eng d
082
_a
782.886 JQ-5*
100
_a
不详
245
_a
江青丑史与艳闻
_c
260
_a
_b
不详
_c
300
_b
平
650
_a
942
_c
BK
_o
782.886 JQ-5*
999
_c
4920
_d
4910